| 000 | 01076nam a2200265 i 4500 | ||
|---|---|---|---|
| 001 | 181865 | ||
| 003 | ES-MaACL | ||
| 005 | 20251010144125.0 | ||
| 008 | 130503s2011 sp | |||||||| | spa d | ||
| 020 | _a978-84-9830-331-5 | ||
| 080 | _a821.134.2 Guerra Garrido, Raúl 1.07 | ||
| 245 | 0 | 1 |
_a"Haz lo que temas", la novelística de Raúl Guerra Garrido / _cJosé Ángel Ascunce y Alberto Rodríguez (eds.). |
| 260 |
_aBilbao : _bPublicaciones de la Universidad de Deusto, _c2011. |
||
| 300 |
_a274 p. ; _c22 cm. |
||
| 490 | 1 |
_aSerie Humanidades ; _vv. 27 |
|
| 504 | _aIncluye referencias bibliográficas. | ||
| 600 | 1 | 4 |
_aGuerra Garrido, Raúl, _d1935-2022- _xCrítica e interpretación _960516 |
| 700 | 1 |
_aAscunce Arrieta, José Ángel. _923553 |
|
| 700 | 1 |
_aRodríguez, Alberto, _d1951- _9152670 |
|
| 830 | 0 |
_aSerie Humanidades ; _vv. 27 _9224758 |
|
| 852 |
_aES-MaACL _jA-12688 _9188773 _bR.148748 _cDEPO1 _dOlim: N-5689 _xDonación: Alejandro Sanz |
||
| 903 |
_aSanz, Alejandro, _d1967- _ednr _9103558 |
||
| 942 |
_2udc _cMONOGRAFIA |
||
| 999 |
_c181865 _d181865 |
||